| 000 | 01009nam a2200253 a 4500 | ||
|---|---|---|---|
| 003 | AM-YeHGA | ||
| 005 | 20250618074846.0 | ||
| 008 | 180330s2018 ai |||||r|||||00||d|arm|| | ||
| 020 | _a9789939661858 | ||
| 040 | _aAM-YeHGA | ||
| 041 | 1 |
_aarm _hrus |
|
| 100 | 1 | _aԱրեն, Մարկ | |
| 245 | 1 | 0 |
_aՎիլ-Էվրար ։ _bՄարկ Արենի պատմությունը = Ville-Evrar / _cԱ․ Մարկ ; Ռուս․ թարգմ․՝Հ․ Այվազյան ; Խմբ․ և սրբ․՝ Տ․ Նազարեթյան․ |
| 246 | 1 | 1 | _aVille-Evrar |
| 260 |
_aԵրևան ։ _bԲուկինիստ, _c2018․ |
||
| 300 |
_a157 էջ ; _c19 սմ․ |
||
| 490 | 1 |
_aArmenia Futura հավաքածո ; _vԳիրք 1 |
|
| 650 | 1 | 4 | _aՀայ դրամատուրգիա |
| 700 | 1 |
_aԱյվազյան, Հովհաննես _eթարգմ․ _4trl _93088 |
|
| 700 | 1 |
_aՆազարեթյան, Տիրուհի _eխմբ․ _4edt _eսրբ․ _4crr |
|
| 830 | 0 |
_aArmenia Futura հավաքածո ; _vԳիրք 1 |
|
| 942 |
_2udc _cBK |
||
| 090 | _c407389 | ||
| 999 |
_c405145 _d405145 |
||